Statistics for Songs by Artist Click Quiz #3

Click here to take the quiz!

General Stats

  • This quiz has been taken 67 times
    (51 since last reset)
  • The average score is 18 of 30

Answer Stats

HintAnswer% Correct
Crazy Little Thing Called LoveQueen
91%
Don't Stop Me NowQueen
84%
Under PressureQueen
81%
UmbrellaRihanna
78%
We Are Never Ever Getting Back TogetherTaylor Swift
78%
Shake It OffTaylor Swift
78%
Blank SpaceTaylor Swift
75%
Can't Get You Out of My HeadKylie Minogue
72%
SOSRihanna
69%
Love StoryTaylor Swift
69%
The Edge of GloryLady Gaga
66%
Dirty DianaMichael Jackson
66%
I Want It AllQueen
63%
Only Girl (In the World)Rihanna
63%
JudasLady Gaga
59%
The Way You Make Me FeelMichael Jackson
59%
Look What You Made Me DoTaylor Swift
59%
SlowKylie Minogue
56%
In Your EyesKylie Minogue
56%
Just DanceLady Gaga
56%
Heal the WorldMichael Jackson
56%
Don't Stop 'Til You Get EnoughMichael Jackson
53%
Don't Stop the MusicRihanna
53%
Rock with YouMichael Jackson
50%
Pon de ReplayRihanna
50%
InnuendoQueen
44%
Come into My WorldKylie Minogue
41%
LoveGameLady Gaga
41%
Red Blooded WomanKylie Minogue
38%
You and ILady Gaga
25%

Score Distribution

Percentile by Number Answered

Percent of People with Each Score

Your Score History

You have not taken this quiz since the last reset